| 000 | 00516nam a22001577a 4500 | ||
|---|---|---|---|
| 003 | macl | ||
| 005 | 20201205152452.0 | ||
| 008 | 201205b xxu||||| |||| 00| 0 eng d | ||
| 040 | _cmacl | ||
| 082 | _a741.642 | ||
| 100 |
_aशुक्ल, भानुप्रताप _954777 |
||
| 245 | _aस्वदेशाी चेतना | ||
| 260 |
_aदिल्ली _bसाहित्य प्रकाशन _c2014 |
||
| 650 |
_aचिल्ड्रल बुक _980699 |
||
| 942 |
_2ddc _cHIN |
||
| 999 |
_c63978 _d63978 |
||